| 000 | 01145nam1a22002411i 4500 | ||
|---|---|---|---|
| 001 | rc\3237679 | ||
| 005 | 20260406071840.0 | ||
| 035 | _a(NLR Aleph) 007373468 | ||
| 090 |
_a6432177 _c6432177 |
||
| 100 | _a20130115d1971 |||y0rusy50 ca | ||
| 101 | 0 | _arus | |
| 102 | _aRU | ||
| 105 | _a z ||||| | ||
| 200 | 1 |
_aКонспект лекций по курсу "Проектирование механизмов и приборов" _eСпециальность № 0639 _eУчеб. пособие _eЧ. 1- _fМ-во высш. и сред. спец. образ. СССР. Моск. технол. ин-т легкой пром-сти. Кафедра "Детали машин и ПТУ" |
|
| 210 |
_aМосква _cБ. и. _d1971 |
||
| 215 | _d20 | ||
| 532 | 1 | 3 | _aКонспект лекций по курсу Проектирование механизмов и приборов |
| 700 | 1 |
_7ca _8rus _aФролов _bК. В. _cд-р техн. наук _f1932-2007 _gКонстантин Васильевич _912091 _3RU\NLR\AUTH\7729062 |
|
| 801 | 0 |
_aRU _bNLR _gpsbo |
|
| 801 | 1 |
_aRU _bELAR _2rusmarc |
|
| 852 |
_aNLR _j72-3/1349 |
||
| 942 | _cBOOK | ||